Rozšírenie vodomernej stanice o automatizačné prvky s cieľom vykonávania praktických cvičení študentmi v rámci výuky

Enregistré dans:
Détails bibliographiques
Auteur principal: Less, Roman (Auteur)
Autres auteurs: Bartalský, Lukáš (Directeur de thèse)
Format: Manuscrit Livre
Langue:slovaque
Publié: 2024
Sujets:
Accès en ligne:http://is.stuba.sk/zp/portal_zp.pl?podrobnosti=179788
Tags: Ajouter un tag
Pas de tags, Soyez le premier à ajouter un tag!

MARC

LEADER 00000ntm a22000003a 4500
001 stuzp99948
003 SK-STU
005 20241120084458.2
007 ta
008 150427s2015----xo-----f-mn---000-0-slo-d
040 |a STU  |b slo 
041 0 |a slo 
100 1 |a Less, Roman  |u 020020  |4 aut  |U SjF Strojnícka fakulta  |T SjF Ústav automatizácie, informatizácie a merania  |X 104861  |U J0020  |Y 802  |7 104861 
242 0 1 |a Expansion of the water measuring station with automation elements with the aim of carrying out practical exercises by students as part of the seminars  |y eng 
245 1 0 |a Rozšírenie vodomernej stanice o automatizačné prvky s cieľom vykonávania praktických cvičení študentmi v rámci výuky 
260 |c 2024 
650 4 |a Simulink  |2 slo 
650 4 |a App designer  |2 slo 
650 4 |a MATLAB  |2 slo 
650 4 |a Simulink  |2 eng 
650 4 |a App Designer  |2 eng 
650 4 |a MATLAB  |2 eng 
700 1 |a Bartalský, Lukáš  |u 020020  |k Z1  |4 ths  |U SjF Strojnícka fakulta  |T SjF Ústav automatizácie, informatizácie a merania  |X 57845  |U J0020  |Y 802  |7 A000057845 
856 4 |u http://is.stuba.sk/zp/portal_zp.pl?podrobnosti=179788 
996 |b 284J047658  |c J* 3753/DDP  |l JJSK  |s A  |a 24  |w stuzp99948_0001